000
00478nam a2200181Ia 4500
008
090123s9999 xx 000 0 und d
082
_b
2109
_a
891.463/राजे
100
_a
राजे शैलजा
245
_a
न्याय
250
_a
1
260
_b
सुलभ मु.
300
_a
155
600
_a
राजे शैलजा
630
_a
न्याय
700
_a
राजे शैलजा
730
_a
न्याय
942
_c
BOOK
999
_c
40193
_d
40193